000 00738na a2200265 4500
001 16825
003 MIRAKIL
005 20181213155020.0
008 161014b tu 000 0
020 _a9751605601
035 _a16825
040 _aMilas
_btur
_cTR-AnCHP
041 _atur
082 _a910.9
_bA55i 1993
090 _a910.9 A55i 1993
100 _a Amicis, Edmondo De
245 _aİstanbul
_b(1874)
_cEdmondo De Amicis; çeviren Beynun Akyavaş
260 _aAnkara
_bTürk Tarih Kurumu
_c1993
300 _a399 s.
_c24 sm.
490 _aTürk Tarih Kurumu Yayınları
_vIV. Dizi- Sa. 14
650 _aGezi yazıları
_zİstanbul
650 _aİstanbul
_xGezi
700 _aAkyavaş, Beynun
942 _2ddc
_cBKS
999 _c4836
_d4836